00469cam a2200157ua 45000010005000000080039000050400009000440820008000531000020000612450081000812500009001622600046001713000022002176530014002396530058002532859110913n ii |||gr||||Z||||||asm cMAIN a9201 aZaman, Rafiquz,11aNobel bota bijayi keigarakiman byakti aru eti sansthaced. by Rafiquz Zaman  a1st. aGuahati:bPublication board assam,c2005. a74p:bill;c23cm. aBiography aNobel bota bijayi keigarakiman byakti aru eti sanstha